| 000 | 00702cab a2200229 4500 | ||
|---|---|---|---|
| 001 | ABS39400 | ||
| 008 | 090401t1988 xxu||||| |||| 00| 0 eng d | ||
| 035 | _a(Sirsi) u16395 | ||
| 041 | _aeng | ||
| 100 | _aEvans, P. | ||
| 245 | _aNon-institutional funding | ||
| 260 | _c1988 | ||
| 350 | _a0 | ||
| 490 |
_aEstates Gazette _v(8823) 11 June 1988, 20-21(2) |
||
| 520 | _aExamines trends in property investment , noting the gradual decline in institutional funding . Explains the alternative sources of finance available to developers. | ||
| 650 | _aDEVELOPMENT | ||
| 650 | _aINSTITUTIONS | ||
| 690 | _aPROPERTY LAW AND PRACTICE | ||
| 700 | _aJarrett, D. | ||
| 942 | _n0 | ||
| 948 | _c04/03/1997 | ||
| 999 |
_c10789 _d10789 |
||